| 000 | 00422 a2200169 4500 | ||
|---|---|---|---|
| 001 | 190232 | ||
| 020 | _a85-00-01287-0 | ||
| 040 | _cMagnum | ||
| 100 | _aYalom, Marilyn | ||
| 240 | 1 | 0 |
_aA história da esposa, da virgem maria a madonna _lpor |
| 245 | 1 | 0 | _aA história da esposa, da virgem maria a madonna |
| 300 | _a487 | ||
| 362 | 0 | _a2002 | |
| 440 | 1 | _aEdiouro | |
| 697 | _aHISTÓRIA DE OUTRAS ÁREAS | ||
| 942 | _cBK | ||
| 999 |
_c190232 _d190232 |
||